| 000 | 00716nam a22001935i 4500 | ||
|---|---|---|---|
| 001 | 160737 | ||
| 003 | ES-MaACL | ||
| 005 | 20250701063152.0 | ||
| 008 | 041018s1883 sp |||| | spa d | ||
| 040 |
_aCAM _bspa _cCAM |
||
| 100 | 1 |
_aNombela, Julio, _d1836-1919 _985930 |
|
| 245 | 1 | 3 |
_aEl pícaro mundo / _cpor Julio Nombela. |
| 260 |
_aMadrid : _bLibrería de D. Guio ; _aParis : _bLibrería de Ch. Bouret ; _aLisboa : _bLibrería francesa, _c1883. |
||
| 300 |
_a176 p. ; _c15 cm. |
||
| 490 | 1 | _aBiblioteca diamante | |
| 830 | 0 |
_aBiblioteca diamante _9222071 |
|
| 852 |
_aES-MaACL _jT-407-F-14 _z-- Enc. hol. _q-- Falto de la cub. original _z-- Enc. en un vol. facticio |
||
| 999 |
_c160737 _d160737 |
||